01493cam a22003737a 4500003000500000005001700005008004100022010001000063011001000073035001000083040000900093090001000102100004000112245003900152260004300191300001000234502012300244590003700367590004100404590004100445590004100486590004200527650003800569650003400607650003800641650003600679901000700715942000900722949004300731949005500774999001700829952014500846952012800991CHAP20220329141036.0971013s1987 r 00010 d a61737 a62709 a66884 cCHAP aTesis00aVázquez Merino, Germán.912043313aLa gomosis en el limonero mexicano aCd. Juárez, Chih. :bEl autor,c1987 a33 h. aTesis (Ing. Agr. Esp. en Fitotecnia) -- Escuela Superior de Agricultura "Hermanos Escobar". Departamento de Fitotecnia aALEPHb10c20130110lUCH01h1344 aBATCH-UPDb10c20130110lUCH01h1505 aBATCH-UPDb10c20130410lUCH01h0925 aBATCH-UPDb10c20130914lUCH01h1546 aCONVERSIONb10c20130109lUCH01h133314aGomosis de los cítricos.94862114aLimónxEnfermedades.96682514aPhytophthora citrophthora.98792214aPhytophthora parasitica.987928 aBK cFOLL bBCcTESd-152126eTS1h30749i66884si bBCcTESd33724000604369eTS2fc.2h30750i66884si c61737d61737 00102local4053708TESISaBCbBCcPA_TESISd2019-12-31fTESISl1p33724000604369r2023-05-11 00:00:00s2023-05-11tc.2w2019-12-31yTESIS 00102local4051708TESISaBCbBCcPA_TESISd2019-12-31fTESISl0oTesisp-152126r2019-12-31 00:00:00w2019-12-31yTESIS